In Extremo - Spielmannsfluch Lyrics Quiz - Statistiken

Allgemein
  • Dieses Quiz wurde 11 mal gespielt
  • Das Durchschnittsergebnis liegt bei 174 aus 256
Antwortstatistiken
Antwort % Korrekt
Der
100%
der
100%
ein
100%
Ein
100%
Es
100%
es
100%
Fluch
100%
Spiel
100%
Spielmanns
100%
Spielmannsfluch
100%
war
100%
am
89%
Blut
89%
den
89%
einmal
89%
er
89%
Er
89%
König
89%
mein
89%
regnet
89%
reich
89%
und
89%
An
78%
an
78%
bebt
78%
Da
78%
Das
78%
ganzen
78%
Leib
78%
Lied
78%
nun
78%
Nun
78%
so
78%
Weib
78%
Wie
78%
Alte
67%
Des
67%
des
67%
die
67%
Die
67%
Du
67%
Ihr
67%
ihr
67%
ist
67%
Königin
67%
Lieder
67%
Marmorsaal
67%
Sänger
67%
schreit
67%
Sei
67%
sprach
67%
Stimm
67%
Ton
67%
vollsten
67%
von
67%
Was
67%
Wut
67%
wütend
67%
zerspringt
67%
zu
67%
zum
67%
auf
56%
Auf
56%
besten
56%
dem
56%
edles
56%
grau
56%
Haar
56%
Im
56%
Jungen
56%
Königs
56%
Land
56%
Liebe
56%
Ruhm
56%
Sängerpaar
56%
saß
56%
Segen
56%
seinem
56%
Sie
56%
sitzt
56%
Sohn
56%
süß
56%
Throne
56%
all
44%
Andere
44%
auch
44%
befleckt
44%
beiden
44%
bereit
44%
bleich
44%
Blutstrahl
44%
dabei
44%
dein
44%
Einer
44%
Einst
44%
Finster
44%
geblendet
44%
goldnen
44%
Graue
44%
habt
44%
Heiligkeit
44%
hohen
44%
in
44%
In
44%
Jüngling
44%
Königspaar
44%
Lust
44%
Mörder
44%
Ringen
44%
schaurig
44%
schreibt
44%
Schwert
44%
Sonnenschein
44%
springt
44%
Statt
44%
Umsonst
44%
verfluchter
44%
vergessen
44%
Verlangt
44%
Versunken
44%
Volk
44%
Arm
33%
Brust
33%
durchdringt
33%
Geißel
33%
hat
33%
Jünglings
33%
kein
33%
Lenz
33%
Locken
33%
Meisters
33%
meldet
33%
Namen
33%
prächtig
33%
Säulensaal
33%
Schrecken
33%
schwarze
33%
seines
33%
singen
33%
spricht
33%
Tun
33%
Wehmut
33%
zerfloss
33%
blutiger
22%
diesem
22%
Nordenschein
22%
verröchelt
22%
blickt
11%
blitzend
11%
But
11%
Denn
11%
Schlosse
11%
sinnt
11%
spielen
11%
zog
11%
Heldenbruch
0%
Keine übereinstimmenden Quizze gefunden
Verteilung der Resultate
Anzahl Personen mit jedem Resultat
Perzentil nach korrekt beantworteten Fragen
Ihre Resultats-Entwicklung
Sie haben dieses Quiz noch nicht gespielt